000 00983nam a22003017a 4500
003 CHAP
005 20220329134251.0
008 971013s1970 r 00010 d
010 _a17867
011 _a18839
035 _a22924
040 _cCHAP
090 _aFolleto 223y
100 0 0 _aJoselyn, M. A.
_962189
245 1 _aControl de calidad; objetivos, organización, métodos, equipo
260 _aChapingo, Méx., :
_bENA. Departamento de Industrias Agrícolas,
_c1970
300 _a38 h.
490 _aSerie traducciones
_v; 1
590 _aBATCH-UPD
_b10
_c20130110
_lUCH01
_h1451
590 _aCONVERSION
_b10
_c20130109
_lUCH01
_h1311
650 1 4 _aCalidad
_xControl de la.
_917484
830 0 _aSerie traducciones
_v; 1
_9105075
901 _aBK
942 _cFOLL
949 _aFolleto 223y
_bBC
_cFOLL
_d-53515
_eTS1
_i22924
_mD
_si
949 _aFolleto 223y
_bBC
_cFOLL
_d-53517
_eTS2
_fc.3
_i22924
_mD
_si
949 _aFolleto 223y
_bBC
_cUACH
_d-53516
_eUACH
_fc.2
_i22924
_mD
_si
999 _c17867
_d17867